Technology, literacy, and the evolution of society: Implocations of the work of Jack Goody (Record no. 1393644)

MARC details
000 -LEADER
fixed length control field 00695nam a2200217Ia 4500
005 - DATE AND TIME OF LATEST TRANSACTION
control field 20250508165202.0
008 - FIXED-LENGTH DATA ELEMENTS--GENERAL INFORMATION
fixed length control field 008 250505s9999 xx 000 0 eng d
020 ## - INTERNATIONAL STANDARD BOOK NUMBER
International Standard Book Number 978-0-415-33663-5
037 ## - SOURCE OF ACQUISITION
Stock number Reference
040 ## - CATALOGING SOURCE
Original cataloging agency FEDL
Language of cataloging eng
Transcribing agency FEDL
041 ## - LANGUAGE CODE
Language code of text/sound track or separate title eng
Source of code eng
084 ## - COLON CLASSIFICATION NUMBER
Classification number 301.092, OLS/RR
Assigning agency FEDL
100 ## - MAIN ENTRY--PERSONAL NAME
Personal name Olson David R Ed.
245 #0 - TITLE STATEMENT
Title Technology, literacy, and the evolution of society: Implocations of the work of Jack Goody
260 ## - PUBLICATION, DISTRIBUTION, ETC.
Place of publication, distribution, etc. London, UK
Name of publisher, distributor, etc. Lawrence Erlbaum Associates Publishers
Date of publication, distribution, etc. 2006
300 ## - PHYSICAL DESCRIPTION
Extent xxii, 358p.
365 ## - TRADE PRICE
Price type code GBP
Price amount 78.99
700 ## - ADDED ENTRY--PERSONAL NAME
Personal name Cole Michael Ed.
9 (RLIN) 780091
942 ## - ADDED ENTRY ELEMENTS (KOHA)
Koha item type Reference
Classification part 301.092, OLS/RR
Holdings
Withdrawn status Lost status Damaged status Not for loan Home library Current library Date acquired Cost, normal purchase price Total Checkouts Full call number Barcode Date last seen Price effective from Koha item type
        Department of Education Library Department of Education Library 2025-05-08 78.99   301.092, OLS/RR EL0087283 2025-05-08 2025-05-08 Reference
Copyright @ Delhi University Library System